The Bayesian choice : a decision-theoretic motivation /

Guardado en:
Autor Principal: Robert, Christian P., 1961-
Formato: Libro
Idioma:English
French
Publicado: New York : Springer, c1994.
Series:Springer texts in statistics
Materias:
Etiquetas: Agregar Etiqueta
Sin Etiquetas, Sea el primero en etiquetar este registro!
LEADER 01038cam a2200277 a 4500
001 MAT.inmabb003355
008 940314s1994####nyua#####b####001#0#eng##
005 20150316192051.0
245 1 4 |a The Bayesian choice :  |b a decision-theoretic motivation /  |c Christian P. Robert. 
260 |a New York :  |b Springer,  |c c1994. 
300 |a xiv, 436 p. :  |b il. ;  |c 25 cm. 
440 0 |a Springer texts in statistics 
500 |a Traducción revisada de: L'analyse statistique bayésienne. Paris : Economica, 1992. 
500 |a "Corrected 3rd printing, 1997". 
504 |a Incluye referencias bibliográficas (p. [395]-415) e índices. 
510 4 |a MR,  |c 97d:62059 
020 |a 0387942963 (New York) 
020 |a 3540942963 (Berlin) 
100 1 |a Robert, Christian P.,  |d 1961- 
240 1 0 |a Analyse statistique bayésienne.  |l Inglés 
650 0 |a Bayesian statistical decision theory. 
084 |a 62F15 (62A15 62C05 62C10)  |2 MR 
010 |a  94010781  
040 |a DLC  |c DLC  |d DLC 
041 1 |a eng  |h fre 
859 |h 62  |i R639  |p A-7471  |b BIB. MATEMATICA